[Event "SUI-chT"]
[Site "Switzerland"]
[Date "2016.10.09"]
[Round "9.6"]
[White "Wyss, Jonas"]
[Black "Berchtold, Christian"]
[Result "1-0"]
[WhiteElo "2316"]
[BlackElo "2070"]
[PlyCount "157"]
[EventDate "2016.03.20"]
[EventType "team-tourn"]
[EventRounds "9"]
[EventCountry "SUI"]
[SourceTitle "EXT 2017"]
[Source "ChessBase"]
[SourceDate "2016.10.25"]
[SourceVersion "1"]
[SourceVersionDate "2016.10.25"]
[SourceQuality "1"]
[WhiteTeam "Reti"]
[BlackTeam "Solothurn"]
[WhiteTeamCountry "SUI"]
[BlackTeamCountry "SUI"]

1. e4 d5 2. exd5 Qxd5 3. Nc3 Qd8 4. d4 Nf6 5. Nf3 Bg4 6. h3 Bxf3 7. Qxf3 c6 8. Be3 e6 9. 0-0-0 Nbd7 10. Bd3 Qa5 11. Kb1 Bb4 12. Ne2 0-0-0 13. Nc1 Qc7 14. c4 Be7 15. Nb3 c5 16. Bf4 Qb6 17. Bd2 Qc7 18. Bf4 Qb6 19. Bd2 Qc7 20. Rhe1 cxd4 21. c5 Ne5 22. Qg3 Nxd3 23. Qxd3 Rd5 24. Ba5 Qd7 25. Rc1 Kb8 26. Qg3+ Ka8 27. Qxg7 Rf8 28. Bd2 e5 29. f3 Qe6 30. Qg3 Rc8 31. Bb4 d3 32. Qf2 Nh5 33. Bd2 Nf6 34. Qe3 Nd7 35. Bb4 Nxc5 36. Nxc5 Bxc5 37. Rxc5 Rdxc5 38. Bxc5 d2 39. Rd1 Qf5+ 40. Qe4 Qxe4+ 41. fxe4 Rxc5 42. Rxd2 Kb8 43. Rf2 Rc4 44. Rxf7 Rxe4 45. g4 h6 46. Rh7 Re1+ 47. Kc2 Re2+ 48. Kc1 Rg2 49. Rxh6 Kc7 50. Re6 Rg3 51. Rxe5 Rxh3 52. Kd2 Kd6 53. Re3 Rh4 54. Rg3 Rh2+ 55. Kc3 b6 56. g5 Ke7 57. g6 Kf8 58. g7+ Kg8 59. a3 Re2 60. b3 Re7 61. Kc4 Rc7+ 62. Kd5 Rd7+ 63. Kc6 Rf7 64. b4 Rf6+ 65. Kb7 Rf7+ 66. Ka6 Re7 67. b5 Rf7 68. a4 Re7 69. Rg6 Rf7 70. a5 bxa5 71. Kxa5 Re7 72. Kb4 Rc7 73. Rg5 Rb7 74. Kc5 Rf7 75. Kc6 Rf6+ 76. Kb7 Rf7+ 77. Kb8 Re7 78. Rc5 Rxg7 79. Rc8+ 1-0

[Event "SUI-chT"]
[Site "Switzerland"]
[Date "2016.08.28"]
[Round "7.7"]
[White "Murati, Shkelzen"]
[Black "Berchtold, Christian"]
[Result "1/2-1/2"]
[WhiteElo "2098"]
[BlackElo "2070"]
[PlyCount "116"]
[EventDate "2016.03.20"]
[EventType "team-tourn"]
[EventRounds "9"]
[EventCountry "SUI"]
[SourceTitle "EXT 2017"]
[Source "ChessBase"]
[SourceDate "2016.10.25"]
[SourceVersion "1"]
[SourceVersionDate "2016.10.25"]
[SourceQuality "1"]
[WhiteTeam "Echallens"]
[BlackTeam "Solothurn"]
[WhiteTeamCountry "SUI"]
[BlackTeamCountry "SUI"]

1. d4 d5 2. e3 Nf6 3. Bd3 e6 4. f4 c5 5. c3 Nbd7 6. Nd2 Bd6 7. Ngf3 cxd4 8. cxd4 0-0 9. Ne5 Ne8 10. 0-0 f5 11. g4 Nxe5 12. dxe5 Be7 13. Nb3 g6 14. Bd2 Bd7 15. Rc1 Ng7 16. g5 Rc8 17. Nd4 Rxc1 18. Qxc1 Qb8 19. b4 Rc8 20. Qb2 b5 21. Rc1 a6 22. Kf1 Kf7 23. Ke2 Ne8 24. Rc2 Qb7 25. Qc1 Rxc2 26. Qxc2 Nc7 27. Nb3 Qc6 28. Kd1 Na8 29. Nc5 Bc8 30. Nb3 Qxc2+ 31. Kxc2 Nb6 32. Bc3 Ke8 33. a3 Kd7 34. Bd4 Kc6 35. Bxb6 Kxb6 36. h4 Bd7 37. Nd4 Bf8 38. Be2 Be7 39. h5 Bf8 40. h6 Kc7 41. Kc3 Kb6 42. Bd3 Kb7 43. Bc2 Kb6 44. Nb3 Kb7 45. Nc1 Kb6 46. Nd3 Kb7 47. Kb2 Kb6 48. Bd1 Kb7 49. Kc3 Kb6 50. Nb2 Bc6 51. Kb3 Bd7 52. a4 a5 53. bxa5+ Kxa5 54. axb5 Bxb5 55. Kc3 Bc5 56. Kd2 Bb4+ 57. Kc2 Bc5 58. Kd2 Bb4+ 1/2-1/2

[Event "SUI-chT"]
[Site "Switzerland"]
[Date "2016.05.22"]
[Round "3.7"]
[White "Rindlisbacher, Lars"]
[Black "Berchtold, Christian"]
[Result "1/2-1/2"]
[WhiteElo "2300"]
[BlackElo "2070"]
[PlyCount "72"]
[EventDate "2016.03.20"]
[EventType "team-tourn"]
[EventRounds "9"]
[EventCountry "SUI"]
[SourceTitle "EXT 2017"]
[Source "ChessBase"]
[SourceDate "2016.10.25"]
[SourceVersion "1"]
[SourceVersionDate "2016.10.25"]
[SourceQuality "1"]
[WhiteTeam "Zuerich"]
[BlackTeam "Solothurn"]
[WhiteTeamCountry "SUI"]
[BlackTeamCountry "SUI"]

1. d4 d5 2. Nf3 Nf6 3. c4 e6 4. Bg5 Be7 5. Nc3 0-0 6. Bxf6 Bxf6 7. e4 dxe4 8. Nxe4 Nc6 9. Nxf6+ Qxf6 10. Be2 Rd8 11. 0-0 Nxd4 12. Nxd4 e5 13. Bf3 exd4 14. Qb3 c6 15. Rfe1 Rb8 16. Qa3 Be6 17. b3 a6 18. Rad1 Rd7 19. Qc5 Rbd8 20. Rd2 Qf4 21. Ree2 h6 22. Qe5 Qxe5 23. Rxe5 Kf8 24. h3 Ke7 25. Bg4 Kf6 26. f4 Bxg4 27. hxg4 Re7 28. Rf5+ Kg6 29. Kf2 Re4 30. g3 f6 31. Rh5 Kf7 32. c5 Ke6 33. Rh1 Kd5 34. Rh5+ Ke6 35. Rh1 Kd5 36. Rh5+ Ke6 1/2-1/2